书目信息 |
| 题名: |
现浇钢筋焊接网架复合混凝土剪力墙 (CL建筑体系) 技术及应用
|
|
| 作者: | 张晶廷, , 李云峰 , 毕既华 主编 ;中国 , 中国 , 中国 组织编写 | |
| 分册: | ||
| 出版信息: | 北京 中国建筑工业出版社 2014 |
|
| 页数: | 134页 | |
| 开本: | 26cm | |
| 丛书名: | ||
| 单 册: | ||
| 中图分类: | TU755 | |
| 科图分类: | ||
| 主题词: | 网架结构--Wang Jia Jie Gou--框架剪力墙结构--现浇钢筋混凝土施工--技术培训--教材 | |
| 电子资源: | ||
| ISBN: | 978-7-112-17031-9 | |
| 000 | 01619nam0 2200313 450 | |
| 001 | 0100004940 | |
| 005 | 20191105093522.78 | |
| 010 | @a978-7-112-17031-9@dCNY30.00 | |
| 100 | @a20141024d2014 em y0chiy50 ea | |
| 101 | 0 | @achi |
| 102 | @aCN@b110000 | |
| 105 | @aak a 000yy | |
| 200 | 1 | @a现浇钢筋焊接网架复合混凝土剪力墙 (CL建筑体系) 技术及应用@AXian Jiao Gang Jin Han Jie Wang Jia Fu He Hun Ning Tu Jian Li Qiang (cl Jian Zhu Ti Xi ) Ji Shu Ji Ying Yong@f住房和城乡建设部人事教育司, 住房和城乡建设部科学技术司, 住房和城乡建设部科技发展促进中心 |
| 210 | @a北京@c中国建筑工业出版社@d2014 | |
| 215 | @a134页@c图@d26cm | |
| 300 | @a建设行业专业技术人员继续教育培训教材 | |
| 314 | @a书中题: 主编张晶廷, 李云峰, 毕既华 | |
| 320 | @a有书目 (第134页) | |
| 330 | @a本书系统介绍了现浇钢筋焊接网架复合混凝土剪力墙(简称CL建筑体系)技术概念、材料及部品、设计及构造措施、施工工艺及产业化要求。 | |
| 606 | 0 | @a网架结构@AWang Jia Jie Gou@x框架剪力墙结构@x现浇钢筋混凝土施工@x技术培训@j教材 |
| 690 | @aTU755@v5 | |
| 701 | 0 | @a张晶廷,@AZhang Jing Ting@f1954-@4主编 |
| 701 | 0 | @a李云峰@ALi Yun Feng@4主编 |
| 701 | 0 | @a毕既华@ABi Ji Hua@4主编 |
| 712 | 01 | @a中国@AZhong Guo@b住房和城乡建设部@BZhu Fang He Cheng Xiang Jian She Bu@b人事教育司@BRen Shi Jiao Yu Si@4组织编写 |
| 712 | 01 | @a中国@AZhong Guo@b住房和城乡建设部@BZhu Fang He Cheng Xiang Jian She Bu@b科学技术司@BKe Xue Ji Shu Si@4组织编写 |
| 712 | 01 | @a中国@AZhong Guo@b住房和城乡建设部@BZhu Fang He Cheng Xiang Jian She Bu@b科技发展促进中心@BKe Ji Fa Zhan Cu Jin Zhong Xin@4组织编写 |
| 801 | 0 | @aCN@c20161103 |
| 905 | @a河南城建学院图书馆@dTU755@eZ126 | |
| 现浇钢筋焊接网架复合混凝土剪力墙 (CL建筑体系) 技术及应用/住房和城乡建设部人事教育司, 住房和城乡建设部科学技术司, 住房和城乡建设部科技发展促进中心.-北京:中国建筑工业出版社,2014 |
| 134页:图;26cm |
| 建设行业专业技术人员继续教育培训教材 |
| ISBN 978-7-112-17031-9:CNY30.00 |
| 本书系统介绍了现浇钢筋焊接网架复合混凝土剪力墙(简称CL建筑体系)技术概念、材料及部品、设计及构造措施、施工工艺及产业化要求。 |
| ● |
| 相关链接 |
|
|
|
正题名:现浇钢筋焊接网架复合混凝土剪力墙 (CL建筑
索取号:TU755/Z126
 
预约/预借
| 序号 | 登录号 | 条形码 | 馆藏地/架位号 | 状态 | 备注 |
| 1 | 1232671 | 212326712 | 建筑库201/201建筑库 42排3列2层/ [索取号:TU755/Z126] | 在馆 | |
| 2 | 1232672 | 212326721 | 建筑库201/201建筑库 42排3列2层/ [索取号:TU755/Z126] | 在馆 | |
| 3 | 1232673 | 212326730 | 建筑库201/201建筑库 42排3列2层/ [索取号:TU755/Z126] | 在馆 | |
| 4 | 1280887 | 212808871 | 土木与交通工程学院资料室/ [索取号:TU755/Z126] | 在馆 | |
| 5 | 1280888 | 212808880 | 土木与交通工程学院资料室/ [索取号:TU755/Z126] | 在馆 |